Mezinárodní vědecká konference - Akce Nisko v historii "konečného řešení židovské otázky" k 55. výročí první hromadné deportace evropských Židů Sborník referátů

Bibliographic Details
Format: Book
Language:Multiple languages
PhysicalDescription:305 s. 24 cm
Published: Ostrava Rondo Ostravská univerzita [vyd.] 1995
ISBN:8070424222
Edition:1. vyd.
Subjects:

MARC

LEADER 00000nam a2200000 a 4500
001 vtls001182933
003 SK-MaSNL
005 20260301094619.0
008 240226s1995 xr d y mul
020 |a 8070424222  |c b.c. 
035 |a SNK000125982 
035 |a urn:nbn:sk:snk-amk3gx 
035 |a urn:nbn:sk:snk-am0058md 
035 |a 4B2FBDE0-7430-43BA-B806-FFBAC47291D3 
040 |a SNK  |b slo  |c SNK  |e AACR2 
041 0 |a mul 
044 |a CZ 
080 |a 323.12(=924)(4)"1939/1994"  |2 1981 
245 0 0 |a Mezinárodní vědecká konference - Akce Nisko v historii "konečného řešení židovské otázky" k 55. výročí první hromadné deportace evropských Židů  |b Sborník referátů 
250 |a 1. vyd. 
260 |a Ostrava  |b Rondo  |b Ostravská univerzita [vyd.]  |c 1995 
300 |a 305 s.  |c 24 cm 
500 |a Súbež. názov nem. a angl., čiast. text nem., angl. a slov. 
650 0 7 |a Židia  |z Európa  |y 1939-1994  |2 SNK  |9 62506 
919 |a 80-7042-422-2 
999 |c 680813  |d 682743 
952 |t P60, <03>, [BOOK], {603}  |a SNK  |b SNK  |y PREZ  |7 0  |p 17A0000807  |o snkSC 89977  |i snkKIP 82/96  |0 0  |1 0  |4 0  |d 1996-03-04  |f 1  |l 0  |r 2025-09-09 00:00:00  |w 2026-02-23